[Event "WchT Rapid"]
[Site "London"]
[Date "2025.06.13"]
[Round "11.2"]
[White "Badacsonyi, Stanley Ethan Artie"]
[Black "Murawski, Jan"]
[Result "1-0"]
[WhiteElo "2316"]
[BlackElo "1985"]
[PlyCount "87"]
[EventDate "2025.06.11"]
[EventType "team-swiss"]
[EventRounds "12"]
[EventCountry "ENG"]
[SourceTitle "CB25_2025"]
[SourceDate "2025.06.18"]
[SourceVersion "1"]
[SourceVersionDate "2025.06.18"]
[SourceQuality "1"]
[WhiteTeam "English Knightmares"]
[BlackTeam "UK Challenge Masters"]
[WhiteTeamCountry "ENG"]
[BlackTeamCountry "ENG"]

1. Nf3 Nf6 2. g3 d5 3. Bg2 e6 4. 0-0 Be7 5. c4 0-0 6. b3 b6 7. Bb2 Bb7 8. d3 Nbd7 9. Nbd2 c5 10. cxd5 Nxd5 11. Rc1 Bf6 12. Qc2 Bxb2 13. Qxb2 Qf6 14. Qxf6 N7xf6 15. d4 cxd4 16. Nxd4 Rac8 17. Nb5 Rfd8 18. Nc4 Rc5 19. a4 a6 20. Nd4 Ba8 21. e3 b5 22. axb5 axb5 23. Nb2 Nc3 24. Bxa8 Rxa8 25. Ra1 Rac8 26. Nd3 Rd5 27. Nb4 Rd6 28. Ra7 g6 29. Rb7 Rc5 30. Ra1 e5 31. Nf3 Nce4 32. Ra8+ Kg7 33. Raa7 Rd1+ 34. Kg2 Nd6 35. Re7 e4 36. Ne5 Ng8 37. Re6 Rb1 38. Rxd6 Rxe5 39. Nc6 Rf5 40. Nd4 Rf6 41. Rxf6 Nxf6 42. Nxb5 Rxb3 43. Nd6 Rb6 44. Rxf7+ 1-0

[Event "WchT Rapid"]
[Site "London"]
[Date "2025.06.12"]
[Round "6.2"]
[White "Murawski, Jan"]
[Black "Madan, Augustin"]
[Result "1-0"]
[WhiteElo "1985"]
[BlackElo "2203"]
[PlyCount "86"]
[EventDate "2025.06.11"]
[EventType "team-swiss"]
[EventRounds "12"]
[EventCountry "ENG"]
[SourceTitle "CB25_2025"]
[SourceDate "2025.06.18"]
[SourceVersion "1"]
[SourceVersionDate "2025.06.18"]
[SourceQuality "1"]
[WhiteTeam "UK Challenge Masters"]
[BlackTeam "Desert Penguins"]
[WhiteTeamCountry "ENG"]
[BlackTeamCountry "ENG"]

1. d4 d5 2. c4 e6 3. Nc3 Be7 4. Nf3 Nf6 5. Bg5 Nbd7 6. e3 h6 7. Bh4 0-0 8. cxd5 Nxd5 9. Bxe7 Qxe7 10. Nxd5 exd5 11. Bd3 Qb4+ 12. Qd2 Qxd2+ 13. Kxd2 c6 14. b4 a6 15. a4 f6 16. b5 cxb5 17. axb5 a5 18. Rhc1 Nb6 19. Nh4 Rf7 20. Ng6 a4 21. Rc5 Be6 22. Nf4 Re7 23. Nxe6 Rxe6 24. Rc7 Ra7 25. Kc3 f5 26. g3 Rf6 27. Kb4 g5 28. Ka3 f4 29. gxf4 Rf7 30. Rxf7 Kxf7 31. fxg5 hxg5 32. Rc1 Ke6 33. Rc7 Kd6 34. Rg7 Ra8 35. Rxb7 Nc4+ 36. Bxc4 dxc4 37. Rb6+ Kd5 38. Rc6 Rf8 39. Rc5+ Kd6 40. Rxc4 Rxf2 41. b6 Rf1 42. b7 Ra1+ 43. Kb2 Kd5 1-0

[Event "WchT Rapid"]
[Site "London"]
[Date "2025.06.11"]
[Round "1.3"]
[White "Murawski, Jan"]
[Black "Mortazavi, Ali"]
[Result "1/2-1/2"]
[WhiteElo "1985"]
[BlackElo "2392"]
[PlyCount "70"]
[EventDate "2025.06.11"]
[EventType "team-swiss"]
[EventRounds "12"]
[EventCountry "ENG"]
[SourceTitle "CB25_2025"]
[SourceDate "2025.06.18"]
[SourceVersion "1"]
[SourceVersionDate "2025.06.18"]
[SourceQuality "1"]
[WhiteTeam "UK Challenge Masters"]
[BlackTeam "e-therapeutics"]
[WhiteTeamCountry "ENG"]
[BlackTeamCountry "ENG"]

1. d4 Nf6 2. c4 g6 3. Nc3 Bg7 4. e4 0-0 5. f3 d6 6. Be3 a6 7. Qd2 c6 8. a4 a5 9. Nge2 Nbd7 10. g4 e5 11. d5 cxd5 12. cxd5 Nc5 13. Qc2 Bd7 14. Nc1 Rc8 15. Nd3 Nfxe4 16. fxe4 Nxe4 17. Nf2 Nxf2 18. Qxf2 Bxg4 19. Be2 Bh3 20. 0-0-0 Bd7 21. h4 Bxa4 22. Rdg1 Bb3 23. h5 Bxd5 24. hxg6 fxg6 25. Qh2 Bxh1 26. Rxh1 h5 27. Bxh5 gxh5 28. Qxh5 Qf6 29. Qh7+ Kf7 30. Rh6 Rxc3+ 31. bxc3 Qf1+ 32. Kb2 Qe2+ 33. Ka3 Qxe3 34. Qg6+ Kg8 35. Qh7+ Kf7 1/2-1/2

[Event "Milton Keynes op"]
[Site "Milton Keynes"]
[Date "2025.06.07"]
[Round "3"]
[White "Murawski, Jan"]
[Black "Avadhoot, Lokesh Bhakti Brahm"]
[Result "1-0"]
[WhiteElo "2164"]
[BlackElo "2081"]
[PlyCount "83"]
[EventDate "2025.06.07"]
[EventType "swiss"]
[EventRounds "5"]
[EventCountry "ENG"]
[SourceTitle "CB24_2025"]
[SourceDate "2025.06.11"]
[SourceVersion "1"]
[SourceVersionDate "2025.06.11"]
[SourceQuality "1"]

1. d4 Nf6 2. c4 e6 3. Nf3 d5 4. Nc3 dxc4 5. e4 b5 6. e5 Nd5 7. Nxb5 Nb6 8. Be2 Be7 9. Na3 Bxa3 10. bxa3 Nc6 11. Be3 a5 12. Qc2 Ba6 13. 0-0 a4 14. Rfd1 Qe7 15. Nd2 Qxa3 16. Nxc4 Nxc4 17. Bxc4 Nb4 18. Bb5+ Bxb5 19. Qc5 c6 20. Bc1 Qd3 21. Bg5 Qxd1+ 22. Rxd1 Nd5 23. Re1 h6 24. Bc1 Rd8 25. Ba3 Rd7 26. Rb1 Kd8 27. g3 Nc7 28. Qa7 Kc8 29. Bd6 Rhd8 30. Rc1 Re8 31. Qb6 Red8 32. Rxc6 Bxc6 33. Qxc6 a3 34. Qb6 g6 35. Qa7 h5 36. Qxa3 Kb7 37. Qb4+ Kc6 38. Qc5+ Kb7 39. Qb4+ Kc6 40. a4 Ra8 41. a5 Ra6 42. Qa4+ 1-0

[Event "Milton Keynes op"]
[Site "Milton Keynes"]
[Date "2025.06.07"]
[Round "1"]
[White "Murawski, Jan"]
[Black "Avinash, Vaidyanathan"]
[Result "1/2-1/2"]
[WhiteElo "2164"]
[BlackElo "1855"]
[PlyCount "140"]
[EventDate "2025.06.07"]
[EventType "swiss"]
[EventRounds "5"]
[EventCountry "ENG"]
[SourceTitle "CB24_2025"]
[SourceDate "2025.06.11"]
[SourceVersion "1"]
[SourceVersionDate "2025.06.11"]
[SourceQuality "1"]

1. d4 Nf6 2. c4 e6 3. Nf3 Bb4+ 4. Nbd2 0-0 5. g3 b6 6. Bg2 Bb7 7. 0-0 d5 8. a3 Be7 9. Ne5 Qc8 10. b3 dxc4 11. Ndxc4 Bxg2 12. Kxg2 c5 13. dxc5 Qxc5 14. b4 Qc7 15. Bb2 Nc6 16. Qb3 b5 17. Qf3 Rac8 18. Nxc6 Qxc6 19. Na5 Qxf3+ 20. Kxf3 Rc2 21. Bd4 a6 22. Nb3 Rfc8 23. Rfc1 Nd7 24. Nc5 Rxc1 25. Rxc1 Bxc5 26. bxc5 Nb8 27. Ke4 f6 28. f4 Kf7 29. Kd3 Nc6 30. Bf2 Ke7 31. e4 Rd8+ 32. Kc3 g6 33. g4 Rd7 34. Re1 e5 35. f5 Nd4 36. Rb1 Kd8 37. a4 Kc7 38. Bxd4 Rxd4 39. axb5 axb5 40. Rb4 gxf5 41. exf5 Rf4 42. Rxb5 Rxg4 43. Rb6 Rh4 44. Rxf6 Rxh2 45. Kc4 Rd2 46. Rh6 Rd7 47. Re6 h5 48. Rxe5 h4 49. f6 h3 50. Rh5 Rf7 51. Rh6 h2 52. Kb5 Rxf6 53. Rxh2 Rg6 54. Ra2 Rh6 55. Ra7+ Kc8 56. Rg7 Rf6 57. Kc4 Rh6 58. Kb5 Rf6 59. Rg8+ Kc7 60. Rg1 Rh6 61. Re1 Rg6 62. Re7+ Kc8 63. Ra7 Rh6 64. Ra8+ Kc7 65. Rg8 Rf6 66. Rg7+ Kc8 67. c6 Rf1 68. Kb6 Rb1+ 69. Kc5 Rc1+ 70. Kb6 Rb1+ 1/2-1/2

[Event "Cambridge op 3rd"]
[Site "Cambridge"]
[Date "2025.05.30"]
[Round "8"]
[White "Murawski, Jan"]
[Black "Myall, Ivan J"]
[Result "1-0"]
[WhiteElo "2191"]
[BlackElo "1924"]
[PlyCount "77"]
[EventDate "2025.05.26"]
[EventType "tourn"]
[EventRounds "9"]
[EventCountry "ENG"]
[SourceTitle "CB23_2025"]
[SourceDate "2025.06.04"]
[SourceVersion "1"]
[SourceVersionDate "2025.06.04"]
[SourceQuality "1"]

1. d4 Nf6 2. c4 e6 3. Nf3 d5 4. Nc3 c6 5. Bg5 h6 6. Bh4 dxc4 7. e3 b5 8. a4 Bb4 9. Nd2 Bxc3 10. bxc3 Bb7 11. Rb1 Ba6 12. axb5 cxb5 13. Qf3 Qd5 14. Bxf6 Qxf3 15. gxf3 gxf6 16. Ne4 Nd7 17. Ra1 Bc8 18. Nd6+ Ke7 19. Nxb5 Bb7 20. Be2 a6 21. Na3 f5 22. Nxc4 Rac8 23. Na5 Rc7 24. Kd2 Rg8 25. Rhg1 Rxg1 26. Rxg1 Bc8 27. Rb1 f6 28. c4 e5 29. c5 f4 30. Rg1 Nb8 31. Rg7+ Kd8 32. Rg6 exd4 33. exd4 Rd7 34. Kc3 Re7 35. Bd3 Bd7 36. Rxf6 Kc7 37. d5 Re1 38. Rf8 Rc1+ 39. Kd4 1-0

[Event "Karlsruhe Grenke op"]
[Site "Karlsruhe"]
[Date "2025.04.19"]
[Round "4"]
[White "Murawski, Jan"]
[Black "Lewtak, Damian"]
[Result "1/2-1/2"]
[WhiteElo "2123"]
[BlackElo "2354"]
[PlyCount "24"]
[EventDate "2025.04.17"]
[EventType "swiss"]
[EventRounds "9"]
[EventCountry "GER"]
[SourceTitle "CB17_2025"]
[SourceDate "2025.04.23"]
[SourceVersion "1"]
[SourceVersionDate "2025.04.23"]
[SourceQuality "1"]

1. c4 e5 2. Nc3 d6 3. d4 g6 4. dxe5 dxe5 5. Qxd8+ Kxd8 6. g3 Be6 7. b3 Nd7 8. Bh3 Bxh3 9. Nxh3 f6 10. Bb2 c6 11. 0-0-0 Kc7 12. f4 Be7 1/2-1/2

[Event "Titled Tuesday intern op 01st Apr Early"]
[Site "Chess.com INT"]
[Date "2025.04.01"]
[Round "6"]
[White "Chen, Yidong"]
[Black "Murawski, Jan"]
[Result "1-0"]
[WhiteElo "2060"]
[BlackElo "2079"]
[PlyCount "29"]
[EventDate "2025.04.01"]
[EventType "swiss (blitz)"]
[EventRounds "11"]
[EventCountry "USA"]
[SourceTitle "CB15_2025"]
[SourceDate "2025.04.09"]
[SourceVersion "1"]
[SourceVersionDate "2025.04.09"]
[SourceQuality "1"]

1. c4 e6 2. Nc3 Nf6 3. Nf3 d5 4. e3 c5 5. cxd5 exd5 6. d4 Nc6 7. Be2 Be7 8. 0-0 cxd4 9. Nxd4 0-0 10. b3 Nxd4 11. Qxd4 Bf5 12. Bb2 Rc8 13. Rfd1 Bc5 14. Qe5 Re8 15. Qxf5 1-0

[Event "Titled Tuesday intern op 01st Apr Early"]
[Site "Chess.com INT"]
[Date "2025.04.01"]
[Round "5"]
[White "Ternault, Mathieu"]
[Black "Murawski, Jan"]
[Result "1-0"]
[WhiteElo "2301"]
[BlackElo "2079"]
[PlyCount "71"]
[EventDate "2025.04.01"]
[EventType "swiss (blitz)"]
[EventRounds "11"]
[EventCountry "USA"]
[SourceTitle "CB15_2025"]
[SourceDate "2025.04.09"]
[SourceVersion "1"]
[SourceVersionDate "2025.04.09"]
[SourceQuality "1"]

1. d4 Nf6 2. c4 a6 3. Nf3 b5 4. cxb5 axb5 5. g3 Bb7 6. Bg2 e6 7. 0-0 Be7 8. Re1 0-0 9. Bg5 d6 10. Nbd2 Nbd7 11. e4 h6 12. Bxf6 Nxf6 13. b3 c5 14. dxc5 dxc5 15. Qc2 Rc8 16. e5 Nd5 17. a3 b4 18. a4 Nc3 19. Nc4 Qc7 20. h4 Rfd8 21. Nfd2 Bxg2 22. Kxg2 Rd4 23. Nf3 Qc6 24. Re3 Rcd8 25. a5 Nd5 26. Re4 Rd3 27. a6 Rxf3 28. Kxf3 Nc3 29. a7 g5 30. hxg5 hxg5 31. Ke3 g4 32. Rxg4+ Kf8 33. Qh7 Ke8 34. Rg8+ Kd7 35. Rxd8+ Bxd8 36. Qd3+ 1-0

[Event "Titled Tuesday intern op 25th Mar Early"]
[Site "Chess.com INT"]
[Date "2025.03.25"]
[Round "7"]
[White "Murawski, Jan"]
[Black "Souza dos Santos, Matheus Garcett"]
[Result "1-0"]
[WhiteElo "2079"]
[BlackElo "1967"]
[PlyCount "39"]
[EventDate "2025.03.25"]
[EventType "swiss (blitz)"]
[EventRounds "11"]
[EventCountry "USA"]
[SourceTitle "CB14_2025"]
[SourceDate "2024.11.01"]
[SourceVersion "1"]
[SourceVersionDate "2024.11.01"]
[SourceQuality "1"]

1. c4 e5 2. Nc3 Nc6 3. Nf3 d6 4. d4 g6 5. dxe5 dxe5 6. Qxd8+ Kxd8 7. g3 Bg7 8. Bg2 Nge7 9. 0-0 Be6 10. Ng5 Bxc4 11. b3 Be6 12. Nxe6+ fxe6 13. Bg5 Ke8 14. Nb5 Rc8 15. Bxe7 Kxe7 16. Bxc6 bxc6 17. Nxa7 Ra8 18. Nxc6+ Kd6 19. Rac1 Kd5 20. f3 1-0

[Event "Titled Tuesday intern op 25th Mar Early"]
[Site "Chess.com INT"]
[Date "2025.03.25"]
[Round "10"]
[White "Murawski, Jan"]
[Black "Vedder, Richard"]
[Result "1-0"]
[WhiteElo "2079"]
[BlackElo "2244"]
[PlyCount "59"]
[EventDate "2025.03.25"]
[EventType "swiss (blitz)"]
[EventRounds "11"]
[EventCountry "USA"]
[SourceTitle "CB14_2025"]
[SourceDate "2024.11.01"]
[SourceVersion "1"]
[SourceVersionDate "2024.11.01"]
[SourceQuality "1"]

1. c4 e5 2. Nc3 Nc6 3. Nf3 f5 4. d4 e4 5. d5 exf3 6. dxc6 bxc6 7. exf3 Nf6 8. Bd3 d6 9. 0-0 Be7 10. Qc2 g6 11. Bh6 Kf7 12. Rfe1 Re8 13. Ne2 c5 14. Nf4 Rb8 15. b3 Bf8 16. Bg5 Bg7 17. Nd5 Qd7 18. Rxe8 Qxe8 19. Nxc7 Qc6 20. Nd5 Nxd5 21. cxd5 Qe8 22. Rd1 a5 23. Qd2 Rb4 24. Re1 Qd7 25. Bc4 Bf6 26. Bxf6 Kxf6 27. Re6+ Kf7 28. Qg5 Rb6 29. Qf6+ Kg8 30. Re7 1-0

[Event "Titled Tuesday intern op 25th Mar Early"]
[Site "Chess.com INT"]
[Date "2025.03.25"]
[Round "6"]
[White "Safarullakhan, Safin"]
[Black "Murawski, Jan"]
[Result "1-0"]
[WhiteElo "2076"]
[BlackElo "2079"]
[PlyCount "95"]
[EventDate "2025.03.25"]
[EventType "swiss (blitz)"]
[EventRounds "11"]
[EventCountry "USA"]
[SourceTitle "CB14_2025"]
[SourceDate "2024.11.01"]
[SourceVersion "1"]
[SourceVersionDate "2024.11.01"]
[SourceQuality "1"]

1. e4 g6 2. d4 Bg7 3. c4 c5 4. d5 d6 5. Nf3 Nf6 6. Nc3 0-0 7. Bd3 Na6 8. a3 Bd7 9. Bg5 Nc7 10. Qd2 a6 11. Bh6 b5 12. Bxg7 Kxg7 13. b3 b4 14. axb4 cxb4 15. Na4 Bxa4 16. Rxa4 a5 17. h4 h5 18. Nd4 Na6 19. Nc6 Qc7 20. Rxa5 Nc5 21. Rxa8 Rxa8 22. 0-0 Nxb3 23. Qxb4 Nc5 24. e5 Ng4 25. Be2 Nxe5 26. f4 Nxc6 27. dxc6 Rb8 28. Qc3+ Kh7 29. f5 e5 30. fxg6+ fxg6 31. Qf3 Rc8 32. Qd5 Qxc6 33. Qf7+ Kh6 34. Rf6 Qe4 35. Bf3 Qe1+ 36. Kh2 Qxh4+ 37. Kg1 Qg5 38. Kh2 e4 39. Be2 e3 40. Bf3 Rb8 41. Qe7 Rb7 42. Qf8+ Kh7 43. Bxb7 Qh4+ 44. Kg1 Qe1+ 45. Kh2 Qh4+ 46. Kg1 Qe1+ 47. Rf1 Qg3 48. Rf7# 1-0

[Event "Titled Tuesday intern op 04th Mar Early"]
[Site "Chess.com INT"]
[Date "2025.03.04"]
[Round "8"]
[White "Ruiz Aguilar, Pablo Alexander"]
[Black "Murawski, Jan"]
[Result "1-0"]
[WhiteElo "2190"]
[BlackElo "2079"]
[PlyCount "85"]
[EventDate "2025.03.04"]
[EventType "swiss (blitz)"]
[EventRounds "11"]
[EventCountry "USA"]
[SourceTitle "CB11_2025"]
[SourceDate "2025.03.12"]
[SourceVersion "1"]
[SourceVersionDate "2025.03.12"]
[SourceQuality "1"]

1. e4 g6 2. d4 Bg7 3. Nf3 c5 4. Nc3 Qa5 5. Be3 Nf6 6. Bd3 c4 7. Bxc4 Nxe4 8. 0-0 Nxc3 9. Qd2 d5 10. Bb3 Bg4 11. Qxc3 Qxc3 12. bxc3 Bxf3 13. gxf3 e6 14. c4 dxc4 15. Bxc4 0-0 16. Rab1 b6 17. d5 Rc8 18. Bb3 exd5 19. Bxd5 Nc6 20. Rfd1 Rab8 21. c4 Ne5 22. Rbc1 Re8 23. Kg2 Rbd8 24. c5 bxc5 25. Rxc5 Rd7 26. Rb1 Red8 27. Bb3 h5 28. Ra5 Nc6 29. Ra6 Nd4 30. Ba4 Re7 31. Rd1 Ne6 32. Rxd8+ Nxd8 33. Bxa7 Ne6 34. Be3 g5 35. Bb3 Nf4+ 36. Bxf4 gxf4 37. a4 Be5 38. Bd5 Kg7 39. Be4 f5 40. Bxf5 Rc7 41. Be4 Bf6 42. Rb6 Rc2 43. Bxc2 1-0

[Event "British Rapidplay"]
[Site "Peterborough"]
[Date "2025.03.02"]
[Round "8"]
[White "He, Tom Junde"]
[Black "Murawski, Jan"]
[Result "0-1"]
[WhiteElo "2053"]
[BlackElo "2079"]
[PlyCount "124"]
[EventDate "2025.03.01"]
[EventType "swiss (rapid)"]
[EventRounds "11"]
[EventCountry "ENG"]
[SourceTitle "CB10_2025"]
[SourceDate "2025.03.05"]
[SourceVersion "1"]
[SourceVersionDate "2025.03.05"]
[SourceQuality "1"]

1. d4 Nf6 2. c4 e6 3. Nf3 d5 4. g3 dxc4 5. Bg2 Bb4+ 6. Bd2 c5 7. Bxb4 cxb4 8. Ne5 0-0 9. a3 Nd5 10. Nxc4 Nc6 11. 0-0 b5 12. Ne3 bxa3 13. Nxa3 b4 14. Nac4 Nxe3 15. Nxe3 Bb7 16. d5 exd5 17. Bxd5 Qf6 18. Qa4 a5 19. Qb5 Rab8 20. Rfc1 Nd4 21. Qd3 Bxd5 22. Nxd5 Qe5 23. Ne3 Rfd8 24. Qc4 h6 25. Re1 Rdc8 26. Qd3 Rd8 27. Nc4 Qe6 28. Nxa5 b3 29. Qe3 Qf6 30. Qd3 Nc2 31. Qc4 Nxa1 32. Rxa1 Qxb2 33. Rf1 Qc2 34. Qa4 Rdc8 35. Qa1 b2 36. Qa3 b1Q 37. Rxb1 Rxb1+ 38. Kg2 Qe4+ 39. Kh3 Rb5 40. g4 Qb4 41. Qg3 Qxa5 42. e3 Qc7 43. Qf3 Rb6 44. g5 hxg5 45. Kg2 Rh6 46. h3 Qc6 47. e4 Qf6 48. Qe3 Rc3 49. e5 Rxe3 50. exf6 Rexh3 51. fxg7 Kxg7 52. Kf1 Kg6 53. Ke2 Kf5 54. f3 Kf4 55. Kd3 Rxf3+ 56. Kd4 Rd6+ 57. Kc5 Rd8 58. Kc4 Rf1 59. Kb3 Rc1 60. Ka3 Rb1 61. Ka2 Rb7 62. Ka3 Ra8# 0-1

[Event "British Rapidplay"]
[Site "Peterborough"]
[Date "2025.03.02"]
[Round "7"]
[White "Murawski, Jan"]
[Black "Birtwistle, Nigel"]
[Result "1-0"]
[WhiteElo "2079"]
[BlackElo "2025"]
[PlyCount "127"]
[EventDate "2025.03.01"]
[EventType "swiss (rapid)"]
[EventRounds "11"]
[EventCountry "ENG"]
[SourceTitle "CB10_2025"]
[SourceDate "2025.03.05"]
[SourceVersion "1"]
[SourceVersionDate "2025.03.05"]
[SourceQuality "1"]

1. c4 e5 2. Nc3 Nf6 3. Nf3 d6 4. e4 g6 5. d4 exd4 6. Nxd4 Bg7 7. Be2 0-0 8. 0-0 Re8 9. f3 c6 10. Bg5 Qb6 11. Be3 Qc7 12. Rc1 Nbd7 13. Qd2 a5 14. b3 Nc5 15. Rfd1 Rd8 16. Bf1 Be6 17. Qf2 Qe7 18. Nde2 Nfd7 19. Nf4 Be5 20. Nxe6 Qxe6 21. g3 Re8 22. Bg2 Qf6 23. Ne2 a4 24. b4 Na6 25. Rb1 Qe6 26. f4 Bg7 27. Rdc1 a3 28. Nd4 Qe7 29. Re1 c5 30. bxc5 dxc5 31. Nb5 Rab8 32. e5 Nb4 33. Red1 f6 34. Nd6 Rf8 35. exf6 Nxf6 36. Bxc5 Ng4 37. Qd2 Na6 38. Bd5+ Kh8 39. Nf7+ Qxf7 40. Bxf7 Nxc5 41. Qd6 Ne4 42. Qe6 Nc3 43. Qxg4 Nxb1 44. Rxb1 Rxf7 45. Qe6 Rff8 46. Qe7 Bb2 47. Rd1 Rfe8 48. Qf7 Rf8 49. Qc7 Rbc8 50. Qxb7 Rxc4 51. Rd7 Rc1+ 52. Kg2 Rc2+ 53. Kh3 Rc5 54. Rxh7+ Kg8 55. Rh6 Rf6 56. Qb8+ Kg7 57. Qh8+ Kf7 58. Rh7+ Ke6 59. Qe8+ Kd5 60. Rd7+ Kc4 61. Qe4+ Kb5 62. Rb7+ Ka6 63. Rb8 Rb6 64. Ra8+ 1-0

[Event "British Rapidplay"]
[Site "Peterborough"]
[Date "2025.03.02"]
[Round "9"]
[White "Murawski, Jan"]
[Black "Sooraj, Menothuparam Raju"]
[Result "1-0"]
[WhiteElo "2079"]
[BlackElo "2154"]
[PlyCount "79"]
[EventDate "2025.03.01"]
[EventType "swiss (rapid)"]
[EventRounds "11"]
[EventCountry "ENG"]
[SourceTitle "CB10_2025"]
[SourceDate "2025.03.05"]
[SourceVersion "1"]
[SourceVersionDate "2025.03.05"]
[SourceQuality "1"]

1. d4 f5 2. c4 Nf6 3. Nc3 g6 4. g3 Bg7 5. Bg2 0-0 6. Nh3 d6 7. d5 c6 8. 0-0 e5 9. dxe6 Bxe6 10. Qd3 Na6 11. Ng5 Qe7 12. Bf4 Rad8 13. Nxe6 Qxe6 14. Rac1 Nc5 15. Qb1 Qxc4 16. b4 Ne6 17. Be3 Ng4 18. Bd2 Qd4 19. Rcd1 f4 20. gxf4 Nxf4 21. e3 Qxc3 22. Bxc3 Ne2+ 23. Kh1 Nxc3 24. Qb3+ d5 25. Rd2 Kh8 26. Rc2 Ne4 27. f3 d4 28. fxg4 d3 29. Rxf8+ Bxf8 30. Bxe4 dxc2 31. Qxc2 Bg7 32. Kg2 Bf6 33. a4 Kg7 34. b5 cxb5 35. axb5 Rd7 36. Kf3 b6 37. Qc8 Re7 38. Bd5 g5 39. Qg8+ Kh6 40. Qf8+ 1-0

[Event "British Rapidplay"]
[Site "Peterborough"]
[Date "2025.03.02"]
[Round "10"]
[White "Sarakauskas, Gediminas"]
[Black "Murawski, Jan"]
[Result "1-0"]
[WhiteElo "2323"]
[BlackElo "2079"]
[PlyCount "121"]
[EventDate "2025.03.01"]
[EventType "swiss (rapid)"]
[EventRounds "11"]
[EventCountry "ENG"]
[SourceTitle "CB10_2025"]
[SourceDate "2025.03.05"]
[SourceVersion "1"]
[SourceVersionDate "2025.03.05"]
[SourceQuality "1"]

1. d4 Nf6 2. g3 e6 3. Bg2 d5 4. Nf3 Be7 5. 0-0 0-0 6. c4 dxc4 7. Qc2 a6 8. Qxc4 b5 9. Qc2 Bb7 10. Bg5 Nbd7 11. Bxf6 Nxf6 12. Nbd2 Rc8 13. Nb3 Be4 14. Qc3 Qd5 15. Nc5 Bxc5 16. dxc5 Rfd8 17. Rfc1 Rb8 18. Qa5 Qb7 19. Ne5 Qd5 20. Nf3 Qb7 21. Rd1 Qc6 22. b4 Qb7 23. Rac1 h6 24. Qa3 Rd5 25. Ne1 Bxg2 26. Nxg2 Rbd8 27. Ne3 Rxd1+ 28. Rxd1 Rxd1+ 29. Nxd1 Ne4 30. Ne3 Ng5 31. f3 e5 32. Qd3 Qc6 33. Nf5 Qf6 34. Qd7 Kh7 35. Ne3 e4 36. f4 Qc3 37. Kf2 Ne6 38. Qxf7 Nd4 39. Nf5 e3+ 40. Kg2 Nxf5 41. Qxf5+ Kh8 42. Qe4 a5 43. bxa5 Qxa5 44. Qxe3 Qxa2 45. Qe8+ Kh7 46. Qxb5 Qd5+ 47. Kf2 Qd4+ 48. e3 Qd2+ 49. Kf3 Qd1+ 50. Ke4 Qc2+ 51. Ke5 Qc3+ 52. Ke6 Qxe3+ 53. Kd7 Qd2+ 54. Kxc7 Qxh2 55. Qd3+ Kh8 56. c6 Qa2 57. Kd6 Qf7 58. c7 Qf6+ 59. Kd7 Qf7+ 60. Kc6 Qe6+ 61. Kb7 1-0